000 00278nam a2200109Ia 4500
005 20251222153645.0
008 251222s9999||||xx |||||||||||||| ||spa||
082 _aREF.032/U61S/T.1
245 4 _aThe Encyclopaedia Britannica:
264 _bEncyclopaedia Britannica
942 _cLIB
999 _c32875
_d32875